000 00827caa a22002417a 4500
999 _c406937
_d406937
001 132881
003 UA-OsUOA
005 20200103234055.0
007 ta
008 20180914b un ||||| |||| 00| 0 ukr d
040 _aUA-OsUOA
_brus
_cUA-OsUOA
_dUA-OsUOA
041 _arus
080 _a908
090 _a908
_bИ85
100 _aИсаевич Я.
245 _aОстрожская Библия как памятник межславянских культурных связей
_cЯ. Исаевич
300 _aС. 12–22
650 7 _a908 Краєзнавство
_2UDC
942 _cBKA
_2udc
955 _a1
773 0 _0374904
_9397436
_a
_b
_dМ. Наука 1985
_o72281
_tФедоровские чтения 1981
_w(UA-OsUOA) 87933
_x
_z